5HLuxD.jpg

KING HENRY VIII SENIOR AND PRIMARY SCHOOL LIBRARY OPAC

Diary of a wimpy kid : (Record no. 3759)

000 -LEADER
fixed length control field 01694cam a2200361 ab4500
001 - CONTROL NUMBER
control field 2459860
003 - CONTROL NUMBER IDENTIFIER
control field OSt
005 - DATE AND TIME OF LATEST TRANSACTION
control field 20241022081356.0
008 - FIXED-LENGTH DATA ELEMENTS--GENERAL INFORMATION
fixed length control field 240925t20232022enka c 000 1 eng d
020 ## - INTERNATIONAL STANDARD BOOK NUMBER
International Standard Book Number 9780241396988
Qualifying information (paperback)
035 ## - SYSTEM CONTROL NUMBER
System control number NO000248078
040 ## - CATALOGING SOURCE
Original cataloging agency TCPL
Language of cataloging eng
Transcribing agency TCPL
Description conventions aacr2
Modifying agency KH8
042 ## - AUTHENTICATION CODE
Authentication code nbic
082 ## - DEWEY DECIMAL CLASSIFICATION NUMBER
Classification number FIC KIN
100 1# - MAIN ENTRY--PERSONAL NAME
Personal name Kinney, Jeff,
Relator term author.
245 10 - TITLE STATEMENT
Title Diary of a wimpy kid :
Remainder of title big shot /
Statement of responsibility, etc. by Jeff Kinney.
246 30 - VARYING FORM OF TITLE
Title proper/short title Big shot.
260 ## - PUBLICATION, DISTRIBUTION, ETC.
Place of publication, distribution, etc. [London] :
Name of publisher, distributor, etc. Puffin Books,
Date of publication, distribution, etc. 2023, c2022.
300 ## - PHYSICAL DESCRIPTION
Extent 217 p. :
Other physical details ill. ;
Dimensions 20 cm.
490 1# - SERIES STATEMENT
Series statement The diary of a wimpy kid ;
Volume/sequential designation 16.
520 ## - SUMMARY, ETC.
Summary, etc. "After a disastrous field day competition at school, Greg decides that when it comes to his athletic career, he's officially retired. But after his mom urges him to give sports one more chance, he reluctantly agrees to sign up for basketball. Tryouts are a mess, and Greg is sure he won't make the cut. But he unexpectedly lands a spot on the worst team. As Greg and his new teammates start the season, their chances of winning even a single game look slim. But in sports, anything can happen. When everything is on the line and the ball is in Greg's hands, will he rise to the occasion? Or will he blow his big shot?"--
Assigning source Provided by publisher.
521 1# - TARGET AUDIENCE NOTE
Target audience note Ages 9-13.
600 10 - SUBJECT ADDED ENTRY--PERSONAL NAME
Personal name Heffley, Greg
Form subdivision Juvenile fiction.
650 #0 - SUBJECT ADDED ENTRY--TOPICAL TERM
Topical term or geographic name entry element Diaries
Form subdivision Juvenile fiction.
650 #0 - SUBJECT ADDED ENTRY--TOPICAL TERM
Topical term or geographic name entry element Basketball stories.
650 #0 - SUBJECT ADDED ENTRY--TOPICAL TERM
Topical term or geographic name entry element Competition
Form subdivision Juvenile fiction.
650 #0 - SUBJECT ADDED ENTRY--TOPICAL TERM
Topical term or geographic name entry element Middle schools
Form subdivision Juvenile fiction.
650 #0 - SUBJECT ADDED ENTRY--TOPICAL TERM
Topical term or geographic name entry element Schools
Form subdivision Juvenile fiction.
653 ## - INDEX TERM--UNCONTROLLED
Uncontrolled term 青少年
653 ## - INDEX TERM--UNCONTROLLED
Uncontrolled term 英語學習
830 #4 - SERIES ADDED ENTRY--UNIFORM TITLE
Uniform title The diary of a wimpy kid ;
Volume/sequential designation 16.
942 ## - ADDED ENTRY ELEMENTS (KOHA)
Source of classification or shelving scheme
Koha item type Books - Fiction
Holdings
Withdrawn status Lost status Source of classification or shelving scheme Damaged status Not for loan Collection code Permanent Location Current Location Shelving location Date acquired Total Checkouts Full call number Barcode Date due Date last seen Date last checked out Price effective from Koha item type Total Renewals Public note
          Fiction KH8 Primary School Library KH8 Primary School Library Fiction 2025-04-25 15 FIC KIN KHPL000006813 2026-04-16 2026-04-08 2026-04-08 2025-04-25 Books - Fiction 2 KH8 PRIMARY LIBRARY
          Fiction KH8 Senior School Library KH8 Senior School Library Fiction 2024-10-22 6 FIC KIN 3KHSL000102103 2025-10-22 2025-10-06 2025-10-06 2024-10-22 Books - Fiction    
          Fiction KH8 Senior School Library KH8 Senior School Library Fiction 2024-10-22   FIC KIN     2025-04-25   2024-10-22 Books - Fiction    

Powered By KH8 IT Dept